000 00652nam a2200193Ia 4500
005 20250508163347.0
008 008 250505s9999 xx 000 0 eng d
037 _aTextual
040 _aFEDL
_beng
_cFEDL
041 _aeng
_2eng
084 _a371.2, NAT
_qFEDL
245 0 _aProfiles of excellence : Recommended criteria for evaluating the qualityof a local school system
245 0 _cOffice of Professional Assoication of the United States
260 _aWashington, USA
_bNational Education Association
_c1966
300 _a126p.
650 _aSchool Administration
942 _cTEXL
_h371.2, NAT
999 _c1382552
_d1382552